000 00871cam a22002771i 4500
001 016279675
003 EG-ScBUE
005 20251202093233.0
008 130208s2013 enk f 000 f eng d
020 _a9780099565680 (pbk.)
040 _aStDuBDS
_beng
_erda
_cStDuBDS
_dUk
_dEG-ScBUE
082 0 4 _a823.92
_222
_bAMI
100 1 _aAmis, Martin,
_eauthor.
245 1 0 _aLionel Asbo :
_bstate of England /
_cMartin Amis.
264 1 _aLondon :
_bVintage Books,
_c2013.
300 _a275 pages ;
_c20 cm
336 _atext
_2rdacontent
_btxt
337 _aunmediated
_2rdamedia
_bn
338 _avolume
_2rdacarrier
_bnc
500 _aOriginally published: London: Jonathan Cape, 2012.
650 7 _2BUEsh
_aGuardian and ward
_vFiction.
650 7 _2BUEsh
_aHoodlums
_vFiction.
650 7 _2BUEsh
_aLottery winners
_vFiction.
655 _vReading book
942 _2ddc
_cBB
999 _c31042
_d31013